[Event "Chebanenco Memorial 1st"]
[Site "Kishinev"]
[Date "1998.02.12"]
[Round "4"]
[White "Aleksandrov, Aleksej"]
[Black "Sakaev, Konstantin"]
[Result "0-1"]
[WhiteElo "2615"]
[BlackElo "2620"]
[Annotator "Lutz,C"]
[PlyCount "74"]
[EventDate "1998.02.09"]
[EventType "tourn"]
[EventRounds "9"]
[EventCountry "MDA"]
[EventCategory "12"]
[SourceTitle "CBM 064"]
[Source "ChessBase"]
[SourceDate "1998.06.02"]
[SourceVersion "1"]
[SourceVersionDate "1998.06.02"]
[SourceQuality "1"]

1. d4 {Sakaev,K} d5 2. c4 c6 3. Nc3 Nf6 4. e3 e6 5. Nf3 Nbd7 6. Bd3 dxc4 7.
Bxc4 b5 8. Be2 Bb7 9. O-O Be7 10. e4 b4 11. e5 bxc3 12. exf6 Bxf6 13. bxc3 O-O
14. Rb1 Qc8 15. Ng5 $5 (15. Qb3 {1/2-1/2 Aleksandrov,A-Akopian,V/EU-chTM 1997/
EXP 57/[Lutz] (27)}) 15... Rd8 $6 {Möglicherweise ist 15...Be7 besser, um auf
16.Qc2 die Antwort 16...Nf6 zu haben.} (15... Be7 {1/2-1/2 Aleksandrov,
A-Galkin,A/Russian Cup f 1997/CBM 62/[Lutz] (101)}) (15... c5 {Sakaev,K} 16.
Qd3 $14) 16. Qc2 (16. Bd3 {Sakaev,K} Nf8 (16... h6 $5 17. Bh7+ Kf8 18. Ne4 Be7
$13) 17. Qh5 (17. Ne4 Be7 18. Qf3 Ba6 $11) 17... Bxg5 18. Bxg5 f6 19. Be3 c5
20. Qxc5 $140 Qxc5 21. dxc5 Bxg2 22. Bxh7+ Kxh7 23. Kxg2 Rd7 24. Rfd1 Rc7 $11)
16... g6 (16... Nf8 {Sakaev,K} 17. Ne4 Be7 18. Nc5 $1 Bxc5 19. dxc5 Ba6 20. c4
$1 e5 21. Bb2 f6 22. f4 $1 $16) 17. Ne4 (17. Qe4 {Sakaev,K} Bg7 $1 $11) 17...
Be7 18. Bf3 e5 {'[]' Sakaev,K.} (18... Ba6 {Sakaev,K} 19. c4 $1 (19. Re1 Bc4
$11) 19... Nb6 20. Be2 $16 Rxd4 $140 21. Bb2 c5 22. Bxd4 cxd4 23. c5 $18) (
18... Qc7 {Sakaev,K} 19. Bf4 Qxf4 20. Rxb7 $16) 19. Re1 (19. Bg5 Bxg5 20. Nxg5
Ba6 21. Qb3 Rf8) 19... Ba6 20. Bh6 $2 {Mit diesem und den nächsten Zügen
verliert Weiß den Faden. Mir scheint, daß er seinen Entwicklungsvorsapurng
energischer aushutzen sollte. Dazu bietet sich 20.Bg5! an :} (20. Bg5 $1 Bxg5 (
20... Re8 21. Bxe7 Rxe7 22. c4 $5 {/\ c5, Nd6} exd4 $2 (22... Qc7 23. Qa4) 23.
Nf6+ $18) 21. Nxg5 Qc7 (21... exd4 22. cxd4 $16) (21... h6 $1 {Sakaev,K} 22.
Ne4 (22. Ne6 Re8 23. d5 (23. Bg4 Nf6 (23... Nf8 24. Nxf8 Qxg4 25. h3 Qf4 (25...
Qg5 26. Nd7 $16) 26. Nxg6 fxg6 27. Qxg6+ Kh8 28. Qxc6 $13) 24. Bh3 Rxe6 $15)
23... Nf6 24. Rxe5 cxd5 25. Rbe1 Bc4 $11) 22... Qc7 $11) 22. Qe4 $1 {[%csl Rc6,
Re5,Rh7][%cal Ye4c6,Ye4h4,Yh4h7,Yd4e5] /\ de5, /\ Qc6, /\ Qh4} h6 $2 23. Ne6
fxe6 24. Qxg6+ Kf8 25. Qxh6+ Kg8 26. Re4 $18) 20... Qc7 21. g3 Bc4 22. h4 Rac8
23. Bg2 Qa5 $132 {'!' Sakaev,K. Nun hat Schwarz sich einigermaßen entwickelt.}
24. Nd2 {Mit dem folgenden Manöver erobert Weiß das Läuferpaar, ohne
allerdings etwas zu erreichen.} Be6 25. Nb3 Qc7 26. dxe5 {'?!' Sakaev,K.} (26.
Qe2 {Sakaev,K} Bf6 (26... Bd6 27. c4 c5 28. d5 Bf5 29. Rbd1 $16) 27. Bg5 Bxg5
28. hxg5 $14) 26... Nxe5 27. Nd4 (27. Bf4 {Sakaev,K} Bd6 28. Nc5 $1 Bxc5 29.
Bxe5 $11) 27... Bd5 28. Bf4 Bd6 29. Nb5 {'?' Sakaev,K.} (29. Bxd5 {Sakaev,K}
cxd5 30. Nb5 (30. Bxe5 $6 Bxe5 31. Nb5 Qb8 32. Nxa7 (32. Nd4 Qd6) 32... Qxa7
33. Rxe5 d4 $17) 30... Nf3+ 31. Kg2 Nxe1+ 32. Rxe1 Qc6 33. Nxd6 Rxd6 34. Bxd6
Qxd6 (34... d4+ 35. Qe4) 35. Qd3 $11) (29. Bxe5 {Sakaev,K} Bxe5 30. Nf3 Bg7 31.
c4 Be6 32. Ng5 $15) 29... cxb5 30. Bxd5 Nc4 {'-/+' Sakaev,K. Mit der Drohung ..
.Na3. Weiß muß sich nun um den Ausgleich bemühen.} 31. Bg5 {'?' Sakaev,K.} (31.
Bxc4 Bxf4 (31... Qxc4 {Sakaev,K} 32. Bxd6 Rxd6 $17) 32. Bxb5 Rd2 $40) (31. Bxd6
Nxd6 32. a4 a6 $15) 31... Na3 32. Bxd8 Rxd8 33. Qe4 $2 {Diese Zug sieht
natürlich aus, aber nun gerät Weiß auf die Verliererstraße.} (33. Qd3 $5 Nxb1
34. Rxb1 Bc5 35. Rb2 $1 {Deckt f2.} Rxd5 36. Qxd5 Qxg3+ 37. Kf1 Qh3+ 38. Kg1
Qxc3 $36 39. Rd2 $15) 33... Nxb1 34. Rxb1 Bc5 $1 {[%csl Rd5,Rf2,Rg3][%cal
Yc7g3,Yc5f2,Yc7c5] '-+' Sakaev,K. /\ ...Bf2, /\ ...Qg3} 35. Kg2 (35. Qf3 Rxd5
36. Qxd5 Qxg3+ 37. Qg2 Bxf2+ 38. Kf1 Qd3+ $19) 35... Bxf2 36. Qf3 (36. Kxf2
Qc5+) 36... Rxd5 37. Kxf2 $6 (37. Qxf2 Qxc3 $19) 37... Rf5 0-1

[Event "Scandic Hotels CC"]
[Site "Stockholm"]
[Date "2000.08.05"]
[Round "8"]
[White "Akesson, Ralf"]
[Black "Grabarczyk, Miroslaw"]
[Result "1/2-1/2"]
[WhiteElo "2486"]
[BlackElo "2495"]
[Annotator "Lutz,C"]
[PlyCount "60"]
[EventDate "2000.07.29"]
[EventType "tourn"]
[EventRounds "9"]
[EventCountry "SWE"]
[EventCategory "10"]
[SourceTitle "CBM 079"]
[Source "ChessBase"]
[SourceDate "2000.11.21"]
[SourceVersion "1"]
[SourceVersionDate "2000.11.21"]
[SourceQuality "1"]

1. d4 d5 2. c4 c6 3. Nc3 Nf6 4. e3 e6 5. Nf3 Nbd7 6. Bd3 dxc4 7. Bxc4 b5 8. Bd3
Bb7 9. O-O b4 10. Ne4 Be7 11. Nxf6+ Nxf6 12. e4 O-O 13. e5 Nd7 14. Be4 Rb8 15.
a3 $1 {Diese Idee von V.Milov bereitet Schwarz einiges Kopfzerbrechen.
Gestützt auf einen taktischen Trick verhindert Weiß den Befreiungszug ...c6-c5
bzw. schwächt den schwarzen Damenflügel. Andere Züge bringen dem Weißen nichts
ein;} (15. Be3 c5 16. Bxb7 Rxb7 17. d5 exd5 18. Qxd5 Rc7 19. e6 Nb6 20. exf7+
Rxf7 21. Qxd8+ Bxd8 22. Rac1 Rf5 23. Nd2 Na4 24. Rc2 Bf6 25. Rb1 Rd5 26. Kf1
Rdd7 27. Nc4 Rb7 28. Nd2 Rbc7 29. Nc4 Rb7 30. Nd2 {1/2-1/2 Gelfand,B-Anand,V/
Wijk aan Zee 1998/CBM 63 (30)}) (15. Qc2 h6 16. Be3 c5 $1 17. Bxb7 Rxb7 18.
dxc5 Nxc5 19. Rfd1 (19. Bxc5 {Ftacnik} Qc8 20. Rac1 Rc7 $10) 19... Qb8 20. Qc4
(20. Bxc5 {Ftacnik} Rc8 $22 21. Bxa7 Rxc2 22. Bxb8 Rxb8 23. Rd2 Rbc8 $36) 20...
Nd7 21. Qe4 Rc8 $11 {Ftacnik,L. 0-1 Beliavsky,A-Anand,V/Reggio Emilia 1992/CBM
27/[Ftacnik] (40)}) 15... a5 $6 ({Die weiße Pointe zeigt sich nach} 15... bxa3
{:} 16. b4 $3 a5 (16... Bxb4 {Milov,V} 17. Bxh7+ $1 $18) 17. bxa5 Qxa5 18. Bxa3
$1 Qd8 (18... Bxa3 {Milov,V} 19. Bxh7+ $1 Kxh7 (19... Kh8 20. Ng5) 20. Ng5+ Kg6
(20... Kh6 21. Qd3) 21. Qd3+ Kxg5 22. f4+ Kh6 23. Qh3+ Kg6 24. f5+ exf5 25. Rf3
$1 f6 26. Rxf5 Rh8 27. Qg4+ Kf7 28. e6+ $18) 19. Bxe7 Qxe7 20. Ra7 $16 {
1/2-1/2 Milov,V-Hansen,C/Essen 2000/CBM 77/[Milov,V] (50)}) (15... c5 $142 {
Milov,V} 16. Bxb7 Rxb7 17. d5 $14 (17. axb4 cxb4 18. d5 exd5 19. Qxd5 Nc5)) 16.
axb4 axb4 17. Qc2 $5 (17. Be3 {Milov,V} c5 18. Bxb7 Rxb7 19. d5 exd5 20. Qxd5
Qb6 21. Nd2 $16) 17... h6 18. Be3 c5 $2 {Im Vergleich zu Beliavsky,A-Anand,V 
(siehe oben) ist wegen der geöffneten a-Linie dieser Zug nicht möglich.} 19.
Bxb7 Rxb7 20. dxc5 Nxc5 21. Bxc5 Qc8 22. Rfc1 Rc7 23. Ra5 Rd8 24. Ne1 Rd5 25.
Nd3 $2 {Weiß geht an der Möglichkeit vorbei, eine Gewinnstellung zu erhalten.
Allerdings war dies schwer zu sehen.} (25. Qa4 $1 {(droht Ra8)} Kh7 (25... Bxc5
26. Rcxc5 Rdxc5 27. Ra8 $18) (25... Rd8 26. Qxb4 Rd5 27. Qa4 Rd8 28. b4 $18)
26. Ra8 Qd7 (26... Qb7 27. Be3 Rxc1 28. Bxc1 $18) 27. Qc2+ $1 (27. Qxd7 Rdxd7
28. Ra5 Rd5 29. Bxe7 Rxc1 30. Bxb4 Rb1 31. Rxd5 exd5 32. Kf1 Rxb2 33. Bc3 $16 {
ist weniger überzeugend}) 27... g6 28. Bxe7 $1 Rxc2 29. Bf6 {(die Pointe)} g5
30. Rxc2 Rd1 31. Re2 {, und der weiße Materialvorteil wird sich durchsetzen,
da der schwarze König sich in einem Beinahe-Mattnetz befindet, z.B.} Qd3 (31...
g4 32. h3 gxh3 33. Rh8+ Kg6 34. Rg8+ Kf5 35. g4+ Kf4 36. Bh4 $18) 32. Re3 Qd2
33. Kf1 Qxb2 34. g4 $18) 25... Qd8 $1 26. Qa4 $6 (26. Rca1 $5 b3 27. Qxb3 Rxd3
28. Bxe7 Rxe7 29. Qa4 $14) (26. Bxe7 $2 Rxc2 27. Bxd8 Rxc1+ 28. Nxc1 Rd1#)
26... Rxd3 27. Ra8 Rc8 28. Rxc8 Qxc8 29. Be3 Qd8 30. h3 Bg5 1/2-1/2

[Event "American Continental 2nd"]
[Site "Buenos Aires"]
[Date "2003.08.28"]
[Round "10"]
[White "Vasquez Schroder, Rodrigo Rafael"]
[Black "Dominguez Perez, Leinier"]
[Result "1/2-1/2"]
[WhiteElo "2514"]
[BlackElo "2610"]
[Annotator "Lutz,C"]
[PlyCount "91"]
[EventDate "2003.08.17"]
[EventType "swiss"]
[EventRounds "11"]
[EventCountry "ARG"]
[SourceTitle "CBM 097"]
[Source "ChessBase"]
[SourceDate "2003.11.11"]
[SourceVersion "1"]
[SourceVersionDate "2003.11.11"]
[SourceQuality "1"]

1. d4 d5 2. c4 c6 3. Nc3 Nf6 4. e3 e6 5. Nf3 Nbd7 6. Bd3 dxc4 7. Bxc4 b5 8. Bd3
Bb7 9. e4 b4 10. Na4 c5 11. e5 Nd5 12. O-O cxd4 13. Re1 g6 14. Bg5 Qa5 15. Nxd4
a6 16. a3 bxa3 17. bxa3 Bg7 18. Bd2 Qd8 19. Rb1 Rb8 20. Rxb7 Rxb7 21. Bxa6 Rc7
{Diese gesamte Variante ist theoretisch gut bekannt, scheint aber nach den
jüngsten Erkenntnissen nichts für Weiß zu versprechen. Zwar gewinnt Weiß nach
Qualitätsopfer und anschließendem Rückgewinn der Qualität einen Bauern, aber
seine Bauern auf a3 und e5 sind schwach und seine Figuren (insbesondere der
Na4) stehen schlecht.} 22. Ba5 (22. Nb5 $6 O-O 23. Nxc7 Qxc7 24. Qc1 Qa7 25.
Bb5 Nxe5 $15 {1/2-1/2 Sokolov,I-Luther,T/Istanbul 2003/CBM 96/[Lutz] (63)})
22... O-O 23. Nf3 $146 {Diesen Zug hatte ich in meinen Anmerkungen zu Sokolov,
I-Luther,T/Istanbul 2003 bereits erwähnt. Weiß kann (zumindest für eine Zeit)
seinen Mehrbauern behalten, aber Vorteil erlangt er nicht.} (23. Nc6 Qa8 24.
Ne7+ Nxe7 25. Bxc7 Nd5 26. Bf1 Nxc7 27. Qxd7 Qa5 {/\ ...Be5}) (23. Nb5 Bxe5 24.
Nxc7 (24. Rxe5 Rc1 $1 25. Qxc1 Qxa5 $15) 24... Bxc7 $15 {0-1 Gustafsson,
J-Ribli,Z/Germany 2002/EXT 2003 (35)}) 23... Qb8 $1 (23... Rc1 24. Bxd8 Rxd1
25. Rxd1 Rxd8 26. Bc4 Nxe5 27. Nxe5 Bxe5 28. Nb6 $14) (23... Qa8 24. Bxc7 Qxa6
25. Bd6 Rc8 26. Nb2 Rc3 $14) 24. Bxc7 Qxc7 25. Qe2 Rb8 $1 {Schwarz spielt
konsequent gegen die weißen Figuren.} 26. Bc4 Qa5 27. Bxd5 (27. Qd1 Rd8 28.
Bxd5 Nxe5 29. Rxe5 Bxe5 30. Nxe5 Rxd5 31. Nd3 Rxd3 32. Qxd3 Qxa4 $11) 27...
Qxa4 28. Be4 Qxa3 29. Qd3 Qa7 30. Qc3 Qc5 31. Qxc5 Nxc5 $15 {Wegen der
Schwäche des Pe5 steht Schwarz jetzt sogar etwas besser, aber die Partie soll
natürlich mit einem Unentschieden enden.} 32. g3 h6 33. h4 Rb4 34. Bc2 Rc4 35.
Re2 Nd7 36. Bd3 Rc5 37. Rc2 Rd5 38. Rc8+ Kh7 39. Be4 Rd1+ 40. Kg2 Nxe5 41. Bc2
Rd6 42. h5 Nd3 43. Rc7 Kg8 44. Rc8+ Kh7 45. Rc7 Kg8 46. Rc8+ 1/2-1/2

[Event "Groningen Festival (Women)"]
[Site "Groningen"]
[Date "1998.12.22"]
[Round "3"]
[White "Zhukova, Natalia"]
[Black "Peng, Zhaoqin"]
[Result "1/2-1/2"]
[WhiteElo "2460"]
[BlackElo "2425"]
[Annotator "Lutz,C"]
[PlyCount "86"]
[EventDate "1998.12.20"]
[EventType "tourn"]
[EventRounds "10"]
[EventCountry "NED"]
[EventCategory "9"]
[SourceTitle "CBM 069"]
[Source "ChessBase"]
[SourceDate "1999.04.01"]
[SourceVersion "1"]
[SourceVersionDate "1999.04.01"]
[SourceQuality "1"]

1. d4 d5 2. Nf3 Nf6 3. c4 c6 4. Nc3 e6 5. e3 Nbd7 6. Bd3 dxc4 7. Bxc4 b5 8. Be2
Bb7 9. e4 b4 10. e5 bxc3 11. exf6 cxb2 (11... Nxf6 12. bxc3 Bd6 $11) 12. fxg7
Bxg7 (12... bxa1=Q 13. gxh8=Q {ist die wahrscheinlich einzige plausible
Eröffnungsvariante überhaupt, in der vier Damen auf das Brett kommen. Nach}
Qa5+ 14. Nd2 {ist die Stellung unklar.}) 13. Bxb2 Qa5+ 14. Nd2 {Es scheint mir,
als hätte Weiß in dieser Stellung einen minimalen Vorteil aufgrund seiner
besseren Bauernstruktur. Daher erscheint 11...Nxf6 12.bxc3 Bd6 im
Ausgleichssinne einfacher.} c5 15. O-O cxd4 16. Nb3 (16. Nc4 $1 {ist
gefährlicher.} Qd5 17. Bf3 Qxc4 18. Bxb7 Rb8 19. Ba3 $1 Qc7 (19... Rxb7 20. Rc1
{/\ Rc8#}) 20. Bf3 Ne5 21. Rc1 Qd7 22. Be4 Bf8 23. Qh5 Rb5 24. Bxf8 Rxf8 25.
Bc6 Nxc6 26. Qxb5 Nd8 27. Qb8 Qb7 28. Qxb7 Nxb7 {1-0 Polgar,Z-Iclicki,W/
Brussels 1985/EXT 99 (28)}) 16... Qg5 17. Bf3 Bxf3 18. Qxf3 O-O 19. Bxd4 Ne5
20. Qe4 Qg4 21. f4 Ng6 22. Rf3 Rad8 23. h3 Qh4 24. Rc1 Bxd4+ 25. Nxd4 Qf6 26.
Nc6 Rd2 27. Rcf1 Rxa2 28. Rg3 Kh8 29. f5 exf5 30. Rxf5 Qd6 31. Ne5 Nxe5 32.
Rxe5 Ra1+ 33. Kh2 Qd1 34. Rgg5 Qg1+ 35. Kg3 Ra3+ 36. Kh4 f6 37. Rgf5 Rg8 38.
Rxf6 Qd1 39. Rd5 Qc1 40. Rh5 Qc7 41. Qe5 Qxe5 42. Rxe5 Rxg2 43. Re7 Rgg3
1/2-1/2

[Event "RUS-Cup4"]
[Site "Perm"]
[Date "1997.02.10"]
[Round "3"]
[White "Yakovich, Yuri"]
[Black "Filippov, Valerij"]
[Result "1-0"]
[WhiteElo "2575"]
[BlackElo "2510"]
[Annotator "Lutz,C"]
[PlyCount "51"]
[EventDate "1997.02.02"]
[EventType "swiss"]
[EventRounds "9"]
[EventCountry "RUS"]
[SourceTitle "CBM 058"]
[Source "ChessBase"]
[SourceDate "1997.06.01"]
[SourceVersion "1"]
[SourceVersionDate "1997.06.01"]
[SourceQuality "1"]

1. d4 d5 2. c4 c6 3. Nc3 Nf6 4. e3 e6 5. Nf3 Nbd7 6. Bd3 dxc4 7. Bxc4 b5 8. Bd3
b4 9. Ne4 Bb7 10. Nxf6+ gxf6 {Dieser Aufbau macht eien zweifelhaften Eindruck
auf mich.} 11. e4 (11. a3 c5 12. O-O bxa3 13. bxa3 Bg7 14. Rb1 Bxf3 $5 15. Qxf3
cxd4 16. exd4 $14 {1/2-1/2 Hjartarson,J-Kharlov,A/EUCup f Bayern-Cheliabinsk
1992 (26)}) 11... c5 12. Be3 (12. d5 $5 exd5 13. exd5 Bxd5 14. O-O Qb6 15. Re1+
Be6 16. a3 b3 17. Bf4 O-O-O 18. Qe2 Bd6 19. Bxd6 Qxd6 20. Rad1 Kb8 21. Bc4 Qb6
22. Bxe6 fxe6 23. Qc4 $36 {0-1 Lerner,K-Kharlov,A/Simferopol/Alushta 1992 (52)}
) 12... Qb6 13. Rc1 O-O-O 14. O-O Kb8 15. Qe2 Rg8 16. Rfd1 f5 17. Bf4+ Bd6 18.
Bxd6+ Qxd6 19. dxc5 Nxc5 20. Bb1 Qf4 21. Rxc5 fxe4 22. Ne1 Rxd1 23. Qxd1 e3 24.
Qe2 Qd4 25. Qxe3 Qxb2 26. Be4 1-0

[Event "Corus"]
[Site "Wijk aan Zee"]
[Date "2005.01.15"]
[Round "1"]
[White "Sokolov, Ivan"]
[Black "Leko, Peter"]
[Result "1/2-1/2"]
[WhiteElo "2685"]
[BlackElo "2749"]
[Annotator "Lutz,C"]
[PlyCount "101"]
[EventDate "2005.01.15"]
[EventType "tourn"]
[EventRounds "13"]
[EventCountry "NED"]
[EventCategory "19"]
[SourceTitle "CBM 105"]
[Source "ChessBase"]
[SourceDate "2005.04.11"]
[SourceVersion "1"]
[SourceVersionDate "2005.04.11"]
[SourceQuality "1"]

1. d4 d5 2. c4 c6 3. Nc3 Nf6 4. e3 e6 5. Nf3 Nbd7 6. Bd3 dxc4 7. Bxc4 b5 8. Bd3
Bd6 9. O-O O-O 10. h3 $5 {Ein seltener Zug, der Weiß wohl kaum etwas
einbringen kann. h2-h3 kann ein nützlicher Zug sein, wenn Schwarz ...e6-e5
anstrebt. Nach Lekos Fortsetzung kann Sokolovs Zug jedoch wenig beeindrucken.}
b4 (10... a6 $6 11. e4 e5 12. dxe5 Nxe5 13. Nxe5 Bxe5 14. Be3 Bb7 15. Qc2 Re8
16. Rad1 Qe7 17. Ne2 Nxe4 $2 18. Bxe4 {1-0 Mensch,E-Lassabe,N/France 2002/EXT
2003 (18)}) 11. Na4 c5 12. dxc5 Bxc5 13. Qc2 Be7 14. e4 Qa5 15. a3 $2 {Damit
fangen die weißen Probleme an. Weiß kann es sich nicht leisten, dass der
Damenflügel geschwächt wird, da der weiße e-Bauer ebenfalls des Schutzes
bedarf.} (15. b3 $11 {ist die solidere Alternative.}) 15... Ba6 16. Bxa6 Qxa6
17. axb4 Rfc8 18. Qb1 Qb7 19. e5 Nd5 20. Nc5 Nxc5 21. bxc5 Rxc5 {Nun ist es
offensichtlich, dass etwas für Weiß schiefgelaufen ist.} 22. Bd2 Rb8 23. Ra2
Rc7 24. Rc1 h6 25. Rxc7 Qxc7 26. Ra4 Bb4 27. Bxb4 Nxb4 28. Ra3 Nd5 29. Qa1 Qc2
$17 30. b3 Nf4 31. Rxa7 Rxb3 {Schwarz kommt dem Sieg sehr nahe, aber Sokolov
schafft es noch, sich zu verteidigen.} ({Vielleicht ist} 31... Nxh3+ {ein Weg
zu schwarzem Vorteil:} 32. Kh2 (32. gxh3 Rxb3 33. Ra2 (33. Ne1 Rb1 34. Qa5 Qe2)
33... Qg6+ 34. Kh2 Rxf3 35. Ra8+ Kh7 36. Rh8+ Kxh8 37. Qa8+ Kh7 38. Qxf3 Qf5
$17) 32... Nxf2 33. Ra8 Rxa8 34. Qxa8+ Kh7 $17) 32. Qa4 Nxh3+ 33. Kh2 Nxf2 34.
Qe8+ Kh7 35. Qxf7 Qg6 36. Qxg6+ Kxg6 37. Re7 Rb6 38. Nd4 {Somit entsteht
forciert ein Springerendspiel, das nicht mehr zu gewinnen ist.} Ng4+ 39. Kh3
Nxe5 40. Rxe6+ Rxe6 41. Nxe6 Kf6 42. Nd4 h5 43. Kh4 g6 44. Ne2 Kg7 45. Kg5 Nf7+
46. Kh4 Kh6 47. g4 g5+ 48. Kh3 h4 49. Nd4 Nd6 50. Nf3 Ne4 51. Nxh4 1/2-1/2

[Event "Vidmar Memorial 14th"]
[Site "Portoroz"]
[Date "2001.07.05"]
[Round "3"]
[White "Beliavsky, Alexander G"]
[Black "Pavasovic, Dusko"]
[Result "1/2-1/2"]
[WhiteElo "2659"]
[BlackElo "2539"]
[Annotator "Lutz,C"]
[PlyCount "78"]
[EventDate "2001.07.03"]
[EventType "tourn"]
[EventRounds "9"]
[EventCountry "SLO"]
[EventCategory "14"]
[SourceTitle "CBM 085"]
[Source "ChessBase"]
[SourceDate "2001.11.13"]
[SourceVersion "1"]
[SourceVersionDate "2001.11.13"]
[SourceQuality "1"]

1. d4 d5 2. c4 e6 3. Nc3 c6 4. e3 Nf6 5. Nf3 Nbd7 6. Bd3 dxc4 7. Bxc4 b5 8. Bd3
Bb7 9. O-O b4 10. Ne4 Be7 11. Nxf6+ Nxf6 12. e4 O-O 13. e5 Nd7 14. Qc2 $5 {
Nachdem der Milov-Idee 16.b4 der Zahn gezogen wurde (siehe Variante), versucht
Beliavsky eine andere Fortsetzung, die aber bislang keine großen Erfolge für
Weiß erzielen konnte.} (14. Be4 Rb8 15. a3 bxa3 16. b4 {Milovs Idee, die
jedoch durch} f5 $1 {entkräftet wurde.}) 14... h6 15. Bh7+ Kh8 16. Be4 Qb6 17.
Be3 c5 18. dxc5 Nxc5 (18... Bxc5 $6 {ist etwas weniger genau.} 19. Rad1 Bxe3 (
19... Bxe4 20. Qxe4 Rad8 21. Rd6 Qa5 22. Bxc5 Nxc5 23. Qc4 $14) 20. Rxd7 Rac8
21. Rxb7 Rxc2 22. Rxb6 Rxf2 23. Rxf2 Bxb6 24. Kf1 Bxf2 25. Kxf2 $14 {1-0
Kortschnoj,V-Polugaevsky,L/Evian 1977/Candidates (63)}) 19. Bxc5 (19. Bxb7 {
Dieser Tausch führt zu ähnlichen Stellungen wie nach 19.Lxc5, allerdings kann
die schwarze Dame nun die lange Diagonale a8-h1 besetzen. Daher ist 19.Lxc5
genauer.} Qxb7 20. Rac1 (20. Bxc5 Rfc8) 20... Rac8 21. Qe2 a5 22. Bxc5 (22. Rc4
Na4 23. Rc2 Rxc2 24. Qxc2 Nb6 25. Rc1 Rc8 26. Qd1 Nd5 27. Rxc8+ Qxc8 28. Qc1
Qa6 29. Bd4 Qd3 30. h3 Kh7 31. Kh2 a4 $17 {0-1 Van der Sterren,P-Piket,J/
Antwerp 1996/EXT 97 (37)}) 22... Bxc5 23. Rc4 Bb6 24. Rfc1 Rfd8 25. Rxc8 Rxc8
26. Rxc8+ Qxc8 27. g3 Qc5 28. b3 Kg8 $11 {1/2-1/2 Belozerov,A-Kobalija,M/
Kolontaevo 1997/EXT 99 (43)}) 19... Bxe4 20. Qxe4 Bxc5 21. Rac1 Rad8 22. Rc4 $5
$146 {Beliavsky hat ein neues Konzept im Sinn.} ({Was passieren kann, wenn
Weiß planlos spielt, zeigt die nachfolgende Partie:} 22. g3 $6 Rd5 23. b3 Rfd8
24. Kg2 Kg8 25. Rc2 $6 (25. Rc4) 25... Bd4 26. Nxd4 $6 Rxd4 27. Qc6 Qa5 28. Re1
g5 29. Ree2 Qd5+ 30. Qxd5 R8xd5 31. h3 h5 32. Re3 Kg7 33. Rc7 Rd7 34. Rxd7 Rxd7
35. Re4 a5 $17 {0-1 Grivas,E-San Segundo Carrillo,P/Athens 1997/EXT 99 (48)})
22... Rd5 23. g4 $5 {Beliavsky geht aktiv zu Werke. Zwar kann Schwarz die
d-Linie besetzen, aber das nutzt ihm nicht so viel, da er dort nicht
eindringen kann. Im Gegenzug knn Weiß die c-Linie besetzen. Im Licht dieser
Partie erscheint die weiße Stellung als etwas besser, da er der Einzige ist,
der Aktivität entwickeln kann. Ob dies jedoch zu etwas Greifbarem führt, steht
auf einem anderen Blatt.} Be7 24. b3 Rfd8 25. Rfc1 g6 26. Kg2 Kg7 27. h4 R8d7
28. h5 g5 {Schwarz muss den Königsflügel geschlossen halten.} (28... gxh5 $6
29. gxh5 {ist schlecht, da die weißen Schwerfiguren direkt zum schwarzen König
schwenken können.}) 29. Rc6 Qb7 30. Rxe6 $5 {Wenn Weiß diesen Zug nicht spielt,
ist es schwierig, andere Ideen fortzusetzen. Auch nach diesem Opfer kann Weiß
nicht mehr als ein Unentschieden erreichen.} fxe6 31. Qg6+ Kf8 32. Qxh6+ Ke8
33. Qxe6 $5 {Weiß ziert sich noch, das Dauerschach zu geben...} (33. Qg6+ Kf8
34. h6 $6 (34. Qh6+ $11) 34... Bd8) 33... Rd3 {... aber jetzt muss er es doch.}
34. Qg6+ Kf8 35. Qf5+ Kg7 36. Qg6+ (36. h6+ $6 {ist kein Versuch, um auf
Gewinn zu spielen.} Kh8 (36... Kxh6 $2 37. Rh1+ Kg7 38. Rh7+ Kg8 39. Qf7#) 37.
Qf7 (37. e6 Rxf3 38. Qxf3 Qxf3+ 39. Kxf3 Rd6 $17) 37... Qxf3+ $5 (37... Bd8 38.
Qf8+ Kh7 39. Qf5+ $11) 38. Qxf3 Rxf3 39. Kxf3 Kh7 40. Ke4 Kxh6 41. Kf5 Kg7 $13)
36... Kf8 37. Qh6+ Ke8 38. Qg6+ Kf8 39. Qf5+ Kg7 1/2-1/2